Winfield and Jolowicz on tort. / (Record no. 9656)

MARC details
000 -LEADER
fixed length control field 01175cam a2200373 i 4500
001 - CONTROL NUMBER
control field 18393275
003 - CONTROL NUMBER IDENTIFIER
control field OSt
005 - DATE AND TIME OF LATEST TRANSACTION
control field 20230605131710.0
008 - FIXED-LENGTH DATA ELEMENTS--GENERAL INFORMATION
fixed length control field 141203s2014 enk b 001 0 eng
010 ## - LIBRARY OF CONGRESS CONTROL NUMBER
LC control number 2014471348
020 ## - INTERNATIONAL STANDARD BOOK NUMBER
International Standard Book Number 9780414025653
040 ## - CATALOGING SOURCE
Original cataloging agency DLC
Language of cataloging eng
Transcribing agency DLC
Description conventions rda
042 ## - AUTHENTICATION CODE
Authentication code pcc
043 ## - GEOGRAPHIC AREA CODE
Geographic area code e-uk---
050 00 - LIBRARY OF CONGRESS CALL NUMBER
Classification number KD1949.W55
245 00 - TITLE STATEMENT
Title Winfield and Jolowicz on tort. /
Statement of responsibility, etc. Edwin Peel and James Goudkamp.
246 14 - VARYING FORM OF TITLE
Title proper/short title Winfield & Jolowicz tort. /
250 ## - EDITION STATEMENT
Edition statement 19th ed.
264 #1 - PRODUCTION, PUBLICATION, DISTRIBUTION, MANUFACTURE, AND COPYRIGHT NOTICE
Place of production, publication, distribution, manufacture London :
Name of producer, publisher, distributor, manufacturer Sweet & Maxwell,
Date of production, publication, distribution, manufacture, or copyright notice 2014.
300 ## - PHYSICAL DESCRIPTION
Extent clvii, 852 p. ;
Dimensions 24 cm
336 ## - CONTENT TYPE
Content type term text
Content type code txt
Source rdacontent
337 ## - MEDIA TYPE
Media type term unmediated
Media type code n
Source rdamedia
338 ## - CARRIER TYPE
Carrier type term volume
Carrier type code nc
Source rdacarrier
504 ## - BIBLIOGRAPHY, ETC. NOTE
Bibliography, etc. note Includes bibliographical references and index.
505 ## - FORMATTED CONTENTS NOTE
Formatted contents note Contents:
650 #0 - SUBJECT ADDED ENTRY--TOPICAL TERM
Topical term or geographic name entry element Torts
Geographic subdivision Great Britain.
9 (RLIN) 1575
700 1# - ADDED ENTRY--PERSONAL NAME
Personal name Peel, Edwin.
9 (RLIN) 1576
700 1# - ADDED ENTRY--PERSONAL NAME
Personal name Goudkamp, James,
9 (RLIN) 1577
700 1# - ADDED ENTRY--PERSONAL NAME
Personal name Winfield, Percy Henry,
9 (RLIN) 1578
700 1# - ADDED ENTRY--PERSONAL NAME
Personal name Jolowicz, J. A.
Fuller form of name (John Anthony)
9 (RLIN) 1579
906 ## - LOCAL DATA ELEMENT F, LDF (RLIN)
a 7
b cbc
c origcop
d 2
e ncip
f 20
g y-gencatlg
942 ## - ADDED ENTRY ELEMENTS (KOHA)
Source of classification or shelving scheme Library of Congress Classification
Koha item type Books
Holdings
Withdrawn status Lost status Source of classification or shelving scheme Damaged status Not for loan Home library Current library Shelving location Date acquired Full call number Barcode Date last seen Koha item type
    Library of Congress Classification     WISCONSIN INTERNATIONAL UNIVERSITY COLLEGE, GHANA KUMASI LIBRARY WISCONSIN INTERNATIONAL UNIVERSITY COLLEGE, GHANA KUMASI LIBRARY Law Library 05/06/2023 KD1949.W55 ??? 05/06/2023 Books

If you have any concerns or questions; kindly contact the library


© Powered by WIUC ICT DIRECTORATE